000 01237nam a2200289#a 4500
001 00083
003 HDC
007 ta
008 230623s2006 xx 000 0 eng d
020 _a9833209144 (hbk.).
040 _aHDC
050 _aHD 4904.7
_b .A238 2006
100 _aAbdullah Ahmad Badawi,
_cDato' Seri,
_d1939-
245 0 _aPembangunan modal insan =
_b human capital development :
_bkoleksi ucapan Dato' Seri Abdullah Ahmad Badawi =
_bcollection of speeches by Dato' Seri Abdullah Ahmad Badawi /
_cAbdullah Ahmad Badawi Dato' Seri Abdullah Ahmad Badawi
264 _aKuala Lumpur :
_bInstitut Tadbiran Awam Negara,
_c2006
300 _axxvii, 296p. ;
_c 25cm
500 _aIncludes index
_aKoleksi ucapan Dato' Seri Abdullah Ahmad Badawi = Collection of speeches Dato' Seri Abdullah Ahmad Badawi
505 _a. Pembangunan modal insan = Human capital development) -- 2. Penyampaian perkhidmatan = Service deliveries -- 3. Islam Hadhari = Islamic civilisation -- 4. Isu-isu global = Global issues
650 _aHuman capital
_zMalaysia
650 _aIslam
_xDoctrines
650 _aLabor policy
_zMalaysia
650 _aLabor
_zMalaysia
942 _2lcc
942 _cBK
942 _kHD 4904.7
942 _m .A238 2006
999 _c21730
_d21730